-Tion Vocabulary Words Quiz - Statistics

General Stats
  • This quiz has been taken 143 times
    98 since last reset
  • The average score is 15 of 40
Answer Stats
Definition Word % Correct
Royal resignation Abdication
82%
Public sale through bidding Auction
80%
Without a flaw Perfection
74%
Holiday Vacation
74%
Winter resting state Hibernation
68%
Degree ceremony Graduation
65%
Brother, mother, aunt, nephew, etc Relation
65%
Enthusiastic reception, maybe standing Ovation
62%
Sweat Perspiration
62%
Soothing liquid applied to the skin Lotion
56%
Vacuum cleaner action Suction
56%
Return of light from a surface Reflection
55%
Extreme fatigue Exhaustion
52%
Stop on a railway Station
52%
Literary work of imagination Fiction
49%
Movement Motion
44%
Vague idea Notion
44%
Choice Option
41%
Strong dependency Addiction
40%
Speech Oration
40%
Mimicry Imitation
33%
Working together Collaboration
32%
Share of something Portion
32%
Warning Caution
30%
The act of adding water Hydration
29%
Annoyance Irritation
28%
Hair removal Depilation
27%
Ritual washing of hands Ablution
24%
Noisy disturbance Commotion
22%
Intervening to achieve settlement Mediation
21%
Fortress or stronghold Bastion
20%
Building or assembly Construction
18%
Make reference to Mention
13%
Blockage Obstruction
10%
Armament Munition
9%
Purpose Function
7%
Teaching Tuition
7%
Orthodoxy Convention
4%
The act of conquering Subjugation
2%
Legal cancellation Abolition
0%
No matching quizzes found
Score Distribution
Percent of People with Each Score
Percentile by Number Answered
Your Score History
You have not taken this quiz since the last reset